Bilecik Bilecik Bilecik Bilecik Bilecik

Advanced calculus/ (Record no. 7699)

MARC details
000 -BAŞLIK
Sabit Uzunluktaki Kontrol Alanı 00733nam a22002657a 4500
001 - KONTROL NUMARASI
Control Dosyası 0007722
003 - KONTROL NUMARASI KİMLİĞİ
Kontrol Alanı KOHA_MİRAKIL
005 - EN SON İŞLEM TARİHİ ve ZAMANI
Kontrol Alanı 20260207001608.0
007 - FİZİKSEL TANIM SABİT ALAN - GENEL BİLGİ
Sabit uzunluklu kontrol alanı ta
008 - SABİT UZUNLUKTAKİ VERİ ÖGELERİ - GENEL BİLGİ
Sabit Alan 091002b1939 us |||gr||||#||||0|eng |
040 ## - KATALOGLAMA KAYNAĞI
Özgün Kataloglama Kurumu TR-BiSEU
Kataloglama Dili tur
Çeviri Kurumu TR-BiSEU
Açıklama Kuralları rda
041 0# - DİL KODU
Metin ya da ses kaydının dil kodu eng
044 ## - YAYINLAYAN/ÜRETEN KURULUŞUN ÜLKE KODU
ISO country code us
050 ## - SINIFLAMA ve YER NUMARASI
Sınıflama Numarası QA303
Yer Numarası .S65 1939
100 1# - KİŞİ ADI
Yazar Adı (Kişi adı) Sokolnikoff, Ivan Stephen.
245 1# - ESER ADI BİLDİRİMİ
Başlık Advanced calculus/
Sorumluluk Bildirimi Ivan Stephen Sokolnikoff ; Ivan Stephen Sokolnikoff.
264 #1 - ÜRERİM, YAYIN, DAĞITIM ve TELİF BİLDİRİMİ
Yayın yeri New York :
Yayınlayan McGraw-Hill
Yayın tarihi 1939
300 ## - FİZİKSEL TANIMLAMA
Sayfa, Cilt vb. x, 446 sayfa: resimli
336 ## - İÇERİK TÜRÜ
Content type term metin
Content type code txt
Source rdacontent
337 ## - MEDYA TÜRÜ
Media type term aracısız
Media type code n
Source rdamedia
338 ## - TAŞIYICI TÜRÜ
Carrier type term cilt
Carrier type code nc
Source rdacarrier
500 ## - GENEL NOT
Genel Not Dizin var.
650 #0 - KONU BAŞLIĞI EK GİRİŞ - KONU TERİMİ
Konusal terim veya coğrafi ad Hesap.
9 (RLIN) 2068
942 ## - EK GİRİŞ ÖGELERİ (KOHA)
Source of classification or shelving scheme Library of Congress Classification
Koha item type Book
Holdings
Materyal Türü Kalıcı Konum Mevcut Konum Raf Yeri Sınıflandırma Kaynağı Edinim Bilgisi Ana Konular Alt Konular Yer Numarası Demirbaş Numarası Fatura Tarihi Maliyet, Alış Fiyatı Maliyet, Yenileme Fiyatı Geri Çekilme Durumu Kayıp Durumu Hasarlı Durumu Kredi için değil Kayıt Tarih Toplam Ödünçverme Son Görülme Tarihi Son Kontrol Tarihi Genel / Bağış Notu
Book Prof. Dr. Azmi Özcan Kütüphanesi Prof. Dr. Azmi Özcan Kütüphanesi Birûni Salonu Library of Congress Classification Bağış BİLİM Matematik QA303 .S65 1939 0007722 13/08/2010 1.00 1.00         02/10/2009   05/12/2024 05/12/2024 Boğaziçi Üniversitesi